| 000 | 00354nam a2200133 a 4500 | ||
|---|---|---|---|
| 001 | 5151 | ||
| 003 | CDMR | ||
| 005 | 20130116135305.0 | ||
| 008 | 130130s1980||||||||||||||||||||||||||||d | ||
| 040 |
_aCDMR _bcat _cCDMR |
||
| 245 | 0 | _aList of documents and publications in the field of mass communication 1979 NÂș 5 | |
| 260 |
_aParis _c1980 _bUnesco |
||
| 942 | _cMON | ||
| 999 |
_c5151 _d5151 |
||